Biblioteca de Sant Fruitós de Bages
Descripción Física:
1 tríptic : il. ; 21 cm
MARC
| LEADER | 00000nam a2200000Ia 4500 | ||
|---|---|---|---|
| 001 | 24114 | ||
| 003 | BGR | ||
| 005 | 20260324180605.0 | ||
| 008 | 160829s2014 xx 000 0 cat d | ||
| 080 | |a FU-64-58 | ||
| 245 | |a Biblioteca de Sant Fruitós de Bages | ||
| 260 | |a Barcelona : |b Diputació de Barcelona. Gerència de Serveis de Biblioteques, |c 2014 | ||
| 300 | |a 1 tríptic : |b il. ; |c 21 cm | ||
| 650 | 0 | |a Biblioteques públiques |x Barcelona (Catalunya : Província) |9 49209 | |
| 710 | 1 | |a Barcelona (Catalunya : Província). |b Gerència de Serveis de Biblioteques |9 52661 | |
| 710 | 1 | |a Biblioteca de Sant Fruitós del Bages |9 70703 | |
| 710 | 1 | |a Sant Fruitós de Bages (Catalunya). |b Ajuntament |9 53922 | |
| 856 | |u www.bibliotecasanrfruitos.blogspot.com. |x www.bibliotecavirtual.diba.cat | ||
| 901 | |a Arxiu | ||
| 942 | |n 1 |2 udc |c MON | ||
| 952 | |0 0 |1 0 |4 0 |6 FU6458 |7 1 |9 55361 |a Arxiu |b Arxiu |d 2016-12-01 |l 0 |o FU-64-58 |p 24114 |r 2016-12-01 00:00:00 |w 2016-12-01 |y ARXIU | ||
| 999 | |c 59234 |d 59234 | ||